[Event "EU-ch 17th"]
[Site "Gjakova"]
[Date "2016.05.21"]
[Round "9"]
[White "Kovalenko, Igor"]
[Black "Inarkiev, Ernesto"]
[Result "0-1"]
[WhiteElo "2644"]
[BlackElo "2686"]
[Annotator "Krasenkow,M"]
[PlyCount "134"]
[EventDate "2016.05.12"]
[EventType "swiss"]
[EventRounds "11"]
[EventCountry "KOS"]
[SourceTitle "CBM 173"]
[Source "ChessBase"]
[SourceDate "2016.07.12"]
[SourceVersion "1"]
[SourceVersionDate "2016.07.12"]
[SourceQuality "1"]

1. d4 Nf6 2. Nf3 e6 3. c4 b6 4. g3 Bb7 5. Bg2 Be7 6. O-O O-O 7. Nc3 Ne4 8. Bd2
Bf6 9. Ne5 Nxc3 10. Bxc3 Bxg2 11. Kxg2 c5 {This line was examined in CBM 154,
annotations to Aronian - Grischuk by GM M.Marin.} 12. dxc5 (12. Nf3 cxd4 13.
Bxd4 Be7 14. Qd3 Nc6 15. Bc3 Qc7 16. e4 Rfd8 17. b3 a6 18. Rfd1 d6 19. Qe2 Rd7
20. a4 Rad8 21. Rd2 h6 22. Rad1 Na5 $5 23. Bxa5 bxa5 24. e5 Qc6 25. exd6 Rxd6
$11 {1/2 (41) Potkin,V (2645)-Berkes,F (2673) Germany 2013}) 12... bxc5 13. Qd6
{The idea of this invasion is to provoke ...Bf6-e7 and therefore keep White's
c3-bishop from exchange. However, it is quite harmless.} (13. Qd3 d5 $5) 13...
Qb6 (13... Be7 {is quite possible, too:} 14. Qd3 f6 (14... Qc7 15. f4 (15. Qf3
f6 $1 {- 14...f6}) 15... d6 16. Ng4 f5 17. Nf2 Nc6 18. e4 Bf6 19. exf5 exf5 20.
Qxf5 Bxc3 21. Qd5+ Qf7 22. bxc3 Na5 $1 $11 {1/2 (36) Kovalenko,I (2650)
-Kryvoruchko,Y (2700) Poland 2015}) 15. Qf3 $6 (15. Nf3 Nc6 $11) 15... Qc7 $1
16. Qxa8 Nc6 17. Qxf8+ Bxf8 18. Nxc6 Qxc6+ 19. f3 Qa6 20. b3 d5 21. e3 dxc4 22.
Kf2 Qa3 23. Rfb1 Bd6 $15 {0-1 (40) Salem,A (2615)-Duda,J (2632) Martuni 2015})
(13... a5 {[%cal Ya8a6] is also enough for equality:} 14. Rad1 (14. Rfd1 Be7
15. Qd3 d6 16. Qf3 Ra6 17. Nd3 Nd7 $11 {1-0 (46) Saduakassova,D (2406)
-Severina,M (2233) Moscow 2015}) 14... Be7 15. Qd3 d6 (15... Qc7 16. f4 d6 17.
Nf3 Nc6 18. a3 Rad8 19. e4 Qb7 20. Qe2 Rfe8 21. Rd3 Bf8 22. Rfd1 Qa6 23. Re3 a4
$11 {1/2 (30) Schandorff,L (2519)-Hracek,Z (2609) Reykjavik 2015}) 16. Qf3 Ra6
17. Nd3 (17. h4 $6 Bf6 18. h5 h6 19. Nd3 Bxc3 20. bxc3 Nd7 21. Kg1 Qa8 $15 {
[%csl Rc4] 0-1 (42) L'Ami,E (2618)-Kryvoruchko,Y (2710) Germany 2015}) 17...
Nd7 $11) 14. Rad1 (14. Rfd1 Qxd6 (14... Rd8 $5 15. e3 Nc6 16. Nxc6 dxc6 17. Qf4
Bxc3 18. bxc3 Rxd1 19. Rxd1 Rd8 20. Rxd8+ Qxd8 21. Qe5 Qb6 $11 {1/2 (41)
Grachev,B (2669)-Lysyj,I (2686) Kazan 2014}) 15. Rxd6 Be7 16. Rd2 d6 17. Nd3
Nc6 (17... Nd7 18. Ba5 Rfc8 19. Rad1 Rc6 20. b3 Bf6 21. Ne1 Be7 22. e4 Kf8 23.
f4 Nf6 24. Kf3 $14 {1-0 (56) Bachmann,A (2629)-Di Berardino,D (2484)
Florianopolis 2015}) 18. b3 Rfd8 19. Rad1 f5 (19... g6 20. Nb2 f5 21. f4 Kf7
22. e3 h6 23. Na4 Rab8 24. h3 Rb7 25. g4 Rbb8 26. Kf3 a6 27. e4 fxe4+ 28. Kxe4
Rbc8 29. h4 $14 {1/2 (60) Fridman,D (2639)-Quesada Perez,Y (2649) Tromso 2014})
20. f4 Kf7 21. Nb2 h6 $1 22. h4 g5 23. hxg5 hxg5 24. Rh1 gxf4 25. gxf4 Rg8+ 26.
Kf1 Raf8 27. Rh7+ Ke8 28. Rh6 Kf7 29. Rh7+ Ke8 30. Rh6 Kf7 {1/2 (30) Grachev,B
(2669)-Khismatullin,D (2679) Kazan 2014}) (14. Qxb6 axb6 15. Rfd1 Rd8 $1 (15...
Ra7 16. Rd6 Rb7 17. a4 Be7 18. Rd3 d6 19. Nf3 Nc6 20. Rad1 Rd8 21. e4 Ra7 22.
b3 Rad7 23. Ne1 Bf6 24. Bxf6 gxf6 25. Nc2 Ne7 26. Na3 Kg7 27. Nb5 d5 28. exd5
exd5 29. cxd5 Rxd5 30. Rxd5 Rxd5 31. Rxd5 Nxd5 32. Nd6 $14 {1-0 (47) Shirov,A 
(2683)-Iturrizaga Bonelli,E (2646) Caracas 2014}) 16. Rd6 Ra6 $11 {[%cal Yf6e7]
}) 14... Qxd6 (14... Rd8 $5 {deserves attention here, too.}) 15. Rxd6 Be7 16.
Rd2 d6 17. Nd3 a5 {This queenside action is useful in any case:} (17... Nc6 18.
e4 $5 Rfd8 19. Rfd1 Kf8 20. f4 a5 (20... Rac8 21. b3 Bf6 22. e5 Be7 23. exd6
Rxd6 24. Nb2 Rcd8 25. Rxd6 Rxd6 26. Rxd6 Bxd6 27. Nd3 $14 {[%csl Rc5] 1-0 (68)
Kovalenko,I (2611)-Berkes,F (2665) Zalakaros 2014}) 21. g4 Bf6 22. e5 dxe5 23.
Nxe5 Rxd2+ 24. Rxd2 Bxe5 25. fxe5 Nb4 26. b3 Ke7 27. a3 Nc6 28. Rd6 {1/2 (28)
Sjugirov,S (2669)-Stupak,K (2567) Moscow 2015}) 18. f4 Nd7 {Planning ...Nd7-b6
b2-b3 a5-a4!} 19. Ne5 $5 Nb8 (19... Nb6 $6 20. Nc6) 20. Ng4 f5 (20... Nd7 21.
e4 Nb6 22. Ne3 Na4 23. Nc2 $5 {[%cal Yc2a3,Ya3b5]}) 21. Nf2 Nd7 22. e4 $1 Nb6
$1 23. exf5 Nxc4 24. Re2 Rxf5 25. Rxe6 Bf8 $11 {As a result of pawn exchanges,
the position remains equal: Black has a passed d-pawn as a compensation for
White's kingside pawn majority.} 26. Rfe1 Rf7 27. Ne4 (27. Re8 $5 Rfa7 $5 $11)
27... d5 28. b3 Na3 29. Ng5 Rfa7 30. Be5 $6 {White underestimates Black's
queenside counterplay.} (30. Rc1 a4 31. Rb6 $11) 30... h6 31. Nf3 a4 32. Rb6
Ra6 (32... axb3 $5 33. axb3 Nc2 34. Re2 Ra2 $36 {[%cal Yd5d4]}) 33. Rb7 R6a7 {
A draw was satisfactory for Ernesto Inarkiev in this game as he was leading
the tournament.} 34. Rb6 Ra6 35. Rxa6 $6 {White had no reason whatsoever to
play for a win.} Rxa6 {[%mdl 4096]} 36. Kf2 Rb6 37. Rd1 d4 38. Nd2 Nc2 {
[%cal Yc2b4]} 39. Kf3 Rb7 (39... Nb4 $5 40. a3 Nd5 41. bxa4 Ra6) 40. Rb1 Nb4
41. a3 Nd5 42. bxa4 Ra7 43. Rb8 Kf7 44. Ke4 Nc3+ 45. Kd3 Rxa4 46. Nc4 (46. Rb7+
Kg8 47. Rb8 $11) 46... Nd1 47. Rxf8+ (47. Bxd4 $5 cxd4 48. Ne5+ Kg8 49. Ng6 Kf7
$1 $11) 47... Kxf8 48. Bd6+ Kf7 49. Bxc5 Ne3 50. Nb6 $6 {A strange decision.} (
50. Nxe3 dxe3 51. Bb4 Ke6 52. Kxe3 $11 {_|_}) 50... Ra5 51. Bb4 Rh5 52. a4 $2 (
52. h4 {may be enough for a draw after all although now a detailed analysis is
required.}) 52... Rxh2 {Black's rook is very active, and White's passed a-pawn
doesn't give him enough counterplay.} 53. a5 Ra2 (53... Rb2 $1 54. Bc5 (54. a6
Ra2) (54. Be1 Rb1 55. Bd2 Nf1) 54... Ra2 55. Bb4 Nc2 {is probably even
stronger.}) 54. Na8 (54. Kxd4 Nc2+ 55. Kc5 Nxb4 56. Kxb4 Ke6 {must be winning
for Black, too.}) 54... Ke6 55. Ke4 Ra4 56. Nc7+ Kd7 57. Na6 Kc6 58. Bf8 (58.
Kxd4 Nf5+ 59. Kc4 Nxg3 $19) 58... Rxa5 59. Nb4+ Kb5 60. Nd3 Kc4 $6 (60... Nf1
$1 $19) 61. Bxg7 $2 (61. Ne5+ {was the only but insufficient attempt:} Rxe5+ $1
62. fxe5 Ng4 $1 63. Ba3 $8 d3 64. Bc1 Kc3 65. e6 Kc2 66. Bf4 g5 $1 67. Kf5 $1 (
67. e7 Nf6+ 68. Kf5 Ne8 69. Be3 d2 70. Bxd2 Kxd2 71. Kg6 Ke3 72. Kxh6 g4 $19)
67... gxf4 68. e7 Ne3+ $1 69. Kg6 (69. Ke4 Nc4) 69... f3 70. e8=Q Kd2 {, and
Black's knight and two passed pawns prevail over White's queen.}) 61... Nf5 62.
Ne5+ Rxe5+ 63. Bxe5 d3 64. Kxf5 d2 65. Kf6 d1=Q 66. f5 Kd5 67. Bf4 Qh5 0-1

[Event "Corus"]
[Site "Wijk aan Zee"]
[Date "2010.01.29"]
[Round "11"]
[White "Van Wely, Loek"]
[Black "Tiviakov, Sergei"]
[Result "1-0"]
[WhiteElo "2641"]
[BlackElo "2662"]
[Annotator "Krasenkow,M"]
[PlyCount "175"]
[EventDate "2010.01.16"]
[EventType "tourn"]
[EventRounds "13"]
[EventCountry "NED"]
[EventCategory "19"]
[SourceTitle "CBM 135"]
[Source "ChessBase"]
[SourceDate "2010.03.17"]
[SourceVersion "1"]
[SourceVersionDate "2010.03.17"]
[SourceQuality "1"]

1. d4 Nf6 2. c4 e6 3. Nf3 b6 4. g3 Bb7 5. Bg2 Be7 6. Nc3 O-O 7. O-O Ne4 8. Bd2
f5 9. Qc2 Bf6 10. Rad1 Nxc3 11. Bxc3 Be4 12. Qc1 d6 13. Rfe1 Nd7 14. Bf1 {
[%cal Rf3d2]} Bb7 {For this line - see CBM 61, annotations by GM J.Tisdall to
the game between the same players.} 15. b4 (15. d5 Nc5 16. dxe6 (16. Bg2 Bxc3
17. Qxc3 e5 18. Nd2 a5 19. b3 Qf6 20. f4 exf4 21. Qxf6 Rxf6 22. gxf4 Re8 $15 {
1/2 Foisor,C (2393)-Pokorna,R (2342)/Athens 2006/CBM 113 ext (61)}) 16... Nxe6
17. Bg2 Bxc3 (17... Qe8 $5 18. Bxf6 Rxf6 19. e3 Qh5 20. Nd4 Bxg2 21. Kxg2 Re8
22. Nxe6 Rfxe6 $11 {1/2 Dziedzina,M (2170)-Kordts,W (2380)/IECG 2003/Telechess
CBM 99 (28)}) 18. Qxc3 Qf6 19. Qxf6 Rxf6 20. Nd2 Bxg2 21. Kxg2 Nc5 22. Nb1 a5
23. b3 Ne4 24. f3 Nc5 25. Nc3 Re8 26. Nd5 Rf7 27. h4 $14 {/= 1/2 Van Wely,L 
(2655)-Tiviakov,S (2590)/Beijing 1997/CBM 061/[Tisdall] (48)}) 15... Qe7 16.
Qc2 (16. Nd2 e5 $1) 16... c5 17. Bg2 Be4 {Black has absolutely no problems
after the opening.} 18. Qb2 (18. Qb3 $142) 18... cxd4 19. Bxd4 Rac8 20. Nd2 (
20. Bxf6 Nxf6 21. Rc1 $11 {[%cal Ye1d1]}) 20... Bxg2 21. Kxg2 e5 22. Bc3 Qe6 (
22... e4 $1 23. Bxf6 Rxf6 $36 24. f4 $140 exf3+ 25. exf3 Re6) 23. e4 $1 f4 24.
Qb3 $13 Rf7 $6 {Not the most appropriate move in view of White's reply.} (24...
Be7 $5 25. c5 Qxb3 26. axb3 bxc5 27. Nc4 f3+ 28. Kg1 Rf6 29. Ra1 $44) (24... a5
$5 25. bxa5 bxa5 26. Bxa5 Nc5 $44) 25. c5 $1 {Now, after Nd2-c4, White will
threaten the Nc4-d6 fork.} Qxb3 26. axb3 fxg3 27. hxg3 b5 (27... bxc5 28. Nc4
Be7 29. Nxd6 Bxd6 30. Rxd6 cxb4 31. Bxb4 Rb8 32. Bc3 Rxb3 33. Rc6 $44) 28. Nf3
dxc5 29. Rd5 $1 cxb4 $6 (29... a6 30. Red1 Rc7 31. bxc5 $140 Rxc5 $1) 30. Bxb4
a6 31. Red1 Nb6 32. Rd6 $14 {[%csl Ra6,Gd6,Re5] Despite Black's extra pawn, he
must fight for equality as his pawns are weak, and his pieces are passive.} Rb7
$6 (32... Be7 $142 33. Rxb6 Bxb4 34. Rxa6 (34. Nxe5 $2 Rxf2+ $1) 34... Bc3 35.
Ra2 Rcf8 36. Rd3 b4 {and it is difficult for White to make any progress.}) 33.
Ba5 Rcb8 34. Rc6 Kf7 35. Rdd6 Nd7 $5 (35... Nc8 36. Re6 Re7 37. Rxe7+ Nxe7 38.
Rxa6 $16 {[%csl Re5]}) 36. b4 (36. Bc7 $5 Rc8 37. Rxd7+ Ke8 38. Rd5 Rbxc7 39.
Rxa6 Rc5 40. Rdd6 $16 {[%csl Rb5,Re5]}) 36... Ra8 37. Ne1 Be7 38. Rd5 Ke8 39.
Nd3 Bf6 40. Rdd6 h6 41. Rxa6 Rxa6 42. Rxa6 $16 {[%csl Ga6,Rb5,Rb7,Re5][%mdl
4096]} Be7 43. Kf3 {White misses his opponent's 44th move and unnecessarily
allows Black to improve his pawn structure.} (43. f4 $142 $16) 43... Kf7 44.
Kg4 h5+ $1 45. Kf3 (45. Kxh5 Nf6+ 46. Kg5 Nxe4+ 47. Kf5 Nd6+ 48. Kxe5 Rd7 49.
Nc5 Nc4+ 50. Ke4 Rd2 $132) 45... g6 (45... g5 $5) 46. Ke2 Rb8 (46... g5 $142)
47. Rc6 h4 {Why?} (47... Rg8 $142 48. Rc7 Ke6 49. Rb7 $140 Rb8) 48. gxh4 Rh8
49. Rc7 Ke6 50. Rc6+ Kf7 51. Rc7 Ke6 52. Rxd7 {This leads to an interesting
endgame, in which Black can apparently hold his ground.} (52. f4 $142 Bf6 $1 (
52... Rxh4 $2 53. f5+ $1 gxf5 54. exf5+ Kd6 55. Nc5 $1 Nf6 56. Nb7+ Kd5 57.
Rxe7 $18) (52... Bd6 53. Rc6 Ke7 54. Bc7 $1 Bxc7 55. Rxc7 Kd6 56. Rxd7+ Kxd7
57. Nxe5+ Ke6 58. Nxg6 $18 {- a better version of the exchange sacrifice than
the game}) 53. fxe5 Nxe5 54. Nf4+ Kd6 55. h5 $1 gxh5 56. Rc5 $1 Kd7 57. Nd5 $1
(57. Rxb5 h4 58. Rb7+ Kc8 59. Rc7+ Kb8 $132 {[%csl Gh4]}) 57... Bg5 (57... Bd8
58. Bxd8 Rxd8 59. Rxb5) 58. Rxb5 h4 59. Bc7 $1 {keeping good winning chances.})
52... Kxd7 53. Nxe5+ Ke8 54. Nxg6 Rh6 55. Nxe7 Kxe7 56. Ke3 Rxh4 57. Bb6 Ke6
58. f4 Rh1 59. f5+ Kf6 60. Bd4+ {White starts lengthy manoeuvring in order to
exhaust his opponent.} (60. Bd8+ Ke5 61. Bc7+ Kf6) 60... Kg5 61. Bc3 Rd1 62.
Bd2 Kf6 63. Bc3+ Kg5 64. Bg7 Rd7 {Unnecessary making his rook passive.} (64...
Rb1 $142 $1 65. Bf8 Kf6 66. Bc5 Re1+ $1 $11) 65. Bf8 Kg4 66. Bc5 Kg5 {An
important position - a reciprocal zugzwang! Being on move, White can't make
any progress.} 67. Kf3 (67. Bb6 Rd1) 67... Rh7 $1 68. Kg3 Kf6 69. Bd4+ Kg5 70.
Bc5 Kf6 71. Bd6 Kg5 72. Bf4+ Kf6 73. Kg4 Rg7+ 74. Kf3 Rh7 (74... Rg1) 75. Bg3
Kg5 76. Bf4+ Kf6 77. Ke3 Rd7 78. Bg3 Kg5 (78... Rd1 $1) 79. Be5 Rd8 $2 ({After
} 79... Rd1 80. Bc3 {Black must retreat anyway, due to the zugzwang, but he
plays} Rd7 $1 81. Bd4 Rd8 82. Bc5 Rd7 $1 {repeating the position after move 66.
After the text continuation White obtains it with Black to move!}) 80. Bd4 $1
Rd7 {To any other move White replies 81.Bc5, too, except, of course,} (80...
Rd6 $2 81. e5) 81. Bc5 $22 {Black must now let the white king forward.} Kg4 $2
{This is definitely losing. Surprisingly, despite all the progress White has
made, I don't see a win after} (81... Rc7 82. Kd4 Kf6 $1 83. Kd5 Rc8 $1 84.
Bd4+ Kg5 {Here is an amazing possible line:} 85. Bg7 $5 (85. Be5 Rg8 86. Kc6 (
86. Bd6 Kf6 87. Kc6 Rg4 $1) 86... Re8 87. Kd6 Kh5) (85. f6 Kg6 86. e5 Rd8+ 87.
Kc5 Kf7 {[%csl Rd4]}) 85... Rg8 86. f6 Kg6 87. e5 Rc8 88. Kd6 (88. e6 Rc4)
88... Rc4 89. Ke7 $1 Rc7+ 90. Kd8 Ra7 91. e6 {White has made tremendous
progress but...} Ra8+ 92. Kc7 Ra6 $1 93. Kd7 (93. e7 Kf7) 93... Ra7+ 94. Kc6
Ra6+ 95. Kxb5 Rxe6 $11) (81... Rd1 $143 $2 82. Be7+ Kh6 83. e5) 82. f6 $1 {
[%cal Rc5e7]} Kg5 (82... Rh7 83. Be7 {[%cal Ye3d4]}) 83. e5 Kf5 84. Bd6 {
[%csl Gd6,Rd7] White has obtained the optimal arrangement of his bishop and
pawns. Now he wins the b5-pawn and the game:} Ke6 85. Kd4 Rxd6+ {Desperation.}
86. exd6 Kxd6 87. f7 Ke7 88. Kc5 1-0

[Event "Tata Steel-B 74th"]
[Site "Wijk aan Zee"]
[Date "2012.01.14"]
[Round "1"]
[White "L'Ami, Erwin"]
[Black "Tiviakov, Sergei"]
[Result "1-0"]
[WhiteElo "2596"]
[BlackElo "2677"]
[Annotator "L'Ami,E"]
[PlyCount "113"]
[EventDate "2012.01.14"]
[EventType "tourn"]
[EventRounds "13"]
[EventCountry "NED"]
[EventCategory "15"]
[SourceTitle "CBM 147"]
[Source "ChessBase"]
[SourceDate "2012.03.16"]
[SourceVersion "1"]
[SourceVersionDate "2012.03.16"]
[SourceQuality "1"]

1. d4 Nf6 2. c4 e6 3. Nf3 b6 4. g3 Bb7 5. Bg2 Be7 6. O-O O-O 7. Nc3 Ne4 8. Bd2
f5 {No suprises, we are following Tiviakov's main defence against 1.d4.} 9. Ne5
$5 {But this move takes the game into uncharted territory! Since White now
threatens to take on e4 Black's reply seems obvious.} Nxc3 10. Bxc3 Bxg2 11.
Kxg2 Bf6 ({White had two alternatives. a)} 11... d6 12. Nd3 Qe8 13. Re1 $5 (13.
Nf4 Bg5 $1 $132) 13... Qc6+ {when both} 14. d5 ({and} 14. e4 {give rise to
interesting complications.})) ({b)} 11... Nc6 12. Qa4 {retains some pressure.}
(12. Nf3 $5) (12. Nxc6 dxc6 13. e4 $5)) 12. Qd3 {Connecting the rooks while
vacating the d1-square for one of them. Also e2-e4 is prepared and the
possibility of Qd2-f3 may come in handy sometime.} d5 ({In itself this is
logical, with light-squared bishops on the board a stonewall setup suggests
itself. However,} 12... d6 13. Qf3 c6 $1 {deserves attention, as} 14. Nxc6 Nxc6
15. Qxc6 Rc8 16. Qa4 Qc7 17. Kg1 $5 {getting out of the check on c6.} (17. b3
d5 18. Bb4 Rfd8 19. cxd5 Qb7 $1 20. e3 Qxd5+ 21. Kg1 f4 $1 {is at least a
perpetual.}) 17... Qxc4 18. Qxa7 b5 (18... Bxd4 $5) 19. Qa3 Qxe2 20. Qxd6 Rfd8
{gives enough compensation.}) 13. Rfd1 Qd6 ({After} 13... Bxe5 $6 14. dxe5 c6
15. Bb4 {the bishop will become a monster on d6 because} c5 $2 16. Bc3 d4 17.
e3 $1 {wins a pawn. With the text move Sergey is preparing ...Nd7.}) 14. Qf3 c6
({In Schaakmagazine Jeroen Bosch analyses} 14... Nc6 15. b4 $5 {but after} Bxe5
({the idea becomes clear after} 15... Nxd4 16. Bxd4 Bxe5 (16... c5 17. bxc5
bxc5 18. Bxc5 Qxc5 19. Nd7 Qxc4 20. Nxf8 Bxa1 21. Nxe6 $16) 17. c5 $1) ({or} 
15... Nxe5 16. dxe5 Bxe5 17. c5 $1) 16. dxe5 Nxe5 17. c5 Nxf3 18. cxd6 Ng5 $1 (
18... d4 19. Bxd4 Nxd4 20. Rxd4 Rad8 21. Rad1 Rd7 22. dxc7 Rxc7 {is drawish.})
19. dxc7 Rac8 20. Bd2 Nf7 21. Rdc1 Ne5 {White is - at the very least - not
better.}) ({(} 14... Nc6 {) A better try may be} 15. cxd5 Nxd4 (15... Nxe5 16.
dxe5 Bxe5 17. Bxe5 (17. dxe6 $5 Qxe6 18. Bxe5 Qxe5 19. Rd7 Qxb2 20. Rad1 Qxa2
21. Rxc7 Rac8 $1 22. Rcd7 Rf7 $1 {may not be more than a draw.}) 17... Qxe5 {
transposes.}) 16. Bxd4 Bxe5 17. Bxe5 Qxe5 18. dxe6 Qxe6 (18... Rae8 19. Rd7
Rxe6 20. Rad1 f4 21. g4 {is unpleasant.}) 19. b4 {with slight pressure.}) ({
After} 14... Nd7 {White has the additional option of going} 15. Bb4 $5 (15.
cxd5 Nxe5 {would transpose to the lines above.}) 15... Nxe5 (15... c5 16. Nxd7
Qxd7 17. dxc5 bxc5 18. Ba3 $1 (18. Bxc5 Rfc8 {wins the pawn back.}) 18... Rfd8
19. cxd5 exd5 20. Rac1 {with pressure.}) 16. Bxd6 (16. dxe5 Qxb4 17. exf6 Qxc4
18. Rac1 Qe4 $15) 16... Nxf3 17. Bxf8 Nxd4 18. e3 Kxf8 19. exd4 dxc4 20. Rac1
Rd8 21. Rxc4 c5 {and if White has something here, he should start with} 22. b4
$5) 15. Rac1 Nd7 $2 ({The most logical move in the position, but it fails
tactically. It had to be prepared with either} 15... a5) ({or} 15... Re8 {.})
16. Bb4 $1 Nxe5 (16... Qxb4 17. Nxd7 Rf7 18. Nxf6+ Rxf6 19. cxd5 cxd5 20. Rc2
$1 {is much better for White. The only open file on the board is under control
and Black's kingside structure gives additional targets for attack (pawn on e6,
7th rank). Tiviakov decides his chances are better in the endgame. I could
have prevented this by playing 16.cxd5, but during the game I considered the
upcoming ending to be the worse option for him and saw no reason to prevent it
from happening.}) 17. Bxd6 Nxf3 18. Bxf8 Nxd4 19. e3 ({I thought that} 19. Bxg7
$5 Kxg7 20. e3 c5 21. exd4 Bxd4 {would be less precise.}) 19... Ne2 20. Rc2
Kxf8 21. Rxe2 Ke7 ({Taking a second pawn allows the rook to enter} 21... dxc4
22. Rd7 c5 23. Rc2 b5 (23... Ke8 24. Rb7 Kd8 25. Rxc4 Bxb2 26. Rc2 $16) 24. Rc7
$16) 22. Rc2 Kd6 23. b4 {Important! If Black wants to push c5 and d4 White
wants to be ready to take on c5 so as to create space for his rook.} a5 $6 {
It was better to wait passively.} 24. cxd5 exd5 (24... cxd5 25. b5 $16) 25.
Rdc1 $1 Rc8 26. bxa5 bxa5 27. Rb1 {Now that the b-file is opened and in
White's possesion I believe the position is technically winning.} d4 $6 {
Opening yet more files.} 28. Kf3 dxe3 29. Kxe3 Re8+ 30. Kf4 Bd4 31. Kxf5 ({
I didn't want to allow any practical chances Black might get after} 31. Rd2 c5
32. Kxf5 Kd5 {.}) 31... Bxf2 32. Rd1+ Kc7 33. Rdd2 $1 Bb6 34. Re2 Rf8+ 35. Kg4
Bd4 36. Re6 c5 37. Ra6 Kb7 38. Rxa5 Kc6 39. a4 Kd5 40. Ra7 Ke4 {With
time-trouble behind, the win is now easy.} 41. a5 Rc8 42. a6 c4 43. Rd7 c3 44.
a7 Ra8 45. Ra2 (45. Rc1 $1 Rxa7 46. Re1+ Kd3 47. Rd1+ {would have saved some
time.}) 45... Ke3 46. Ra3 {Zugzwang!} h6 (46... Kd3 47. Ra4 $1) (46... Bf6 47.
Ra6 $1) 47. Ra2 Bf6 (47... c2 48. Rxc2 Rxa7 49. Rxa7 Bxa7 50. Rc7 Bd4 51. Rf7 {
is an easy win now the pawn is on h6.}) 48. Kf5 Bd4 49. Ke6 Bf6 50. Kf5 Bd4 51.
g4 Bf6 52. h3 Bd4 53. h4 Bf6 54. g5 hxg5 55. hxg5 Bd4 56. Kg6 $22 {The final
zugzwang.} Be5 57. Re7 {Black resigned. The first step in what would become a
good tournament for me!} 1-0

[Event "POL-ch 67th"]
[Site "Warsaw"]
[Date "2010.01.12"]
[Round "4"]
[White "Macieja, Bartlomiej"]
[Black "Wojtaszek, Radoslaw"]
[Result "0-1"]
[WhiteElo "2624"]
[BlackElo "2639"]
[Annotator "Macieja,B"]
[PlyCount "128"]
[EventDate "2010.01.09"]
[EventType "swiss"]
[EventRounds "9"]
[EventCountry "POL"]
[SourceTitle "CBM 134 Extra"]
[Source "ChessBase"]
[SourceDate "2010.03.03"]
[SourceVersion "1"]
[SourceVersionDate "2010.03.03"]
[SourceQuality "1"]

1. c4 Nf6 2. Nf3 e6 3. g3 d5 4. Bg2 Be7 5. O-O O-O 6. b3 b6 7. d4 Bb7 8. Nc3
Nbd7 9. Ne5 c5 10. Bf4 $6 ({More popular is} 10. Bb2) 10... Rc8 11. Rc1 cxd4
12. Qxd4 Bc5 13. Qd2 $2 (13. Qd1 Nxe5 14. Bxe5 $11) 13... Nxe5 14. Bxe5 Ng4 $1
{I missed this strong move. Now Black gets a slightly better position in a
forced line.} 15. Bd4 $8 dxc4 16. Bxb7 Bxd4 17. e3 Bxc3 $2 ({Correct was} 17...
Bf6 $1 18. Qxd8 (18. Qe2 Rc7 $15) 18... Rcxd8 19. bxc4 $15) 18. Qxc3 Rc5 {
It looks like White gets into troubles, however my opponent missed} (18... Rc7
19. Bf3 $11) 19. Qd4 $1 {Now the position equalises. However, Black finds the
last chance.} Qxd4 20. exd4 Rc7 21. Bf3 Nh6 $1 {Black wants to attack the
d4-pawn and later on block it with a knight on d6. That would give Black
better chances, thus White needs to hurry.} 22. Rxc4 $1 {It is neccessary to
exchange a pair of rooks.} Rxc4 23. bxc4 Nf5 24. d5 e5 25. Rc1 $6 ({I saw a
forced draw after} 25. c5 bxc5 26. Rc1 Nd4 27. Kg2 Rc8 28. d6 f6 {(to protect
the e5-pawn, otherwise White plays d7)} 29. Bb7 Rd8 30. Rxc5 Rxd6 31. Ra5 $11 {
, however I decided to play 25.Rc1 wrongly thinking that it would be smarter.})
25... Nd4 26. Kg2 Rc8 27. d6 Kf8 $1 {This is the move which I missed.} (27...
f6 28. c5 bxc5 29. Bb7 $11 {was leading to a transposition of moves.}) 28. d7
$6 {Perhaps not losing yet, but not necessary at all.} (28. Bd5 {was keeping
good chances for a draw.}) 28... Rd8 29. c5 Rxd7 30. cxb6 axb6 {I believe the
ending should be drawn, however White must play precisely. The simplest plan
is to exchange pawns (a for b). Also the majority of rook endings are drawn.}
31. a4 $2 {Now the bishop loses a good protected square on b3.} (31. Rc8+ $15)
31... f5 $1 32. Rc8+ Ke7 33. Rh8 $2 {The final mistake. I wanted to provoke ...
h6, so my bishop would gain a good square on h5, however I completely missed
my opponent's possibility.} e4 34. Bh5 Rd8 $3 35. Rxh7 (35. Rxd8 Kxd8 {is
hopeless}) 35... Kf6 {Now White loses a piece.} 36. h4 Ne6 37. g4 Nf4+ 38. Kh2
g6 39. g5+ Ke5 40. Bxg6 Nxg6 41. h5 Nf4 $19 42. h6 Rd3 43. Re7+ Kd6 44. Rf7
Rh3+ 45. Kg1 Ke5 46. Re7+ Ne6 47. h7 Kd6 48. Rf7 Nxg5 49. Rxf5 Nf3+ 50. Kg2
Rxh7 51. Kg3 Nd4 52. Rf6+ Ne6 53. Kg4 Ke7 54. Rf5 Rg7+ 55. Kh4 Rf7 56. Rb5 Rxf2
57. Rxb6 Ra2 58. Kg4 Kf6 59. Ra6 Ke5 60. a5 Rg2+ 61. Kh4 e3 62. Rb6 e2 63. Rb1
Kf4 64. Kh5 Rg5+ 0-1